000 00297nam a22001337a 4500
008 170907b xxu||||| |||| 00| 0 eng d
020 _a9780136025450
041 _aeng
080 _28 ED
_a41
100 _a72
101 _aARK
245 _aCONTEMPORARY PLANNING
_cLEVY.J.M
942 _2udc
_cBK
999 _c26459
_d26459